Alias Characters - Statistics

General Stats
  • This quiz has been taken 11 times
  • The average score is 10 of 35
Answer Stats
Answer % Correct
9 Jack Bristow
100%
1 Sydney Bristow
100%
2 Arvin Sloane
75%
3 Michael Vaughn
75%
7 Marcus Dixon
63%
8 Marshall Flinkman
63%
21 Emily Sloane
50%
11 Irina Derevko
50%
10 Julian Sark
50%
14 Nadia Santos
50%
12 Eric Weiss
38%
15 Rachel Gibson
38%
4 Will Tippin
38%
27 Elena Derevko
25%
5 Francie Calfo
25%
18 Kelly Peyton
25%
13 Lauren Reed
25%
19 Anna Espinosa
13%
20 Diane Dixon
13%
26 Gordon Dean
13%
25 McKenas Cole
13%
17 Renee Rienne
13%
16 Thomas Grace
13%
29 Thomas Grace
13%
30 Alexander Khasinau
0%
6 Allison Doren
0%
35 Ariana Kane
0%
24 Carrie Bowman
0%
34 Conrad
0%
32 Danny Hecht
0%
23 Hayden Chase
0%
28 Katya Kerevko
0%
22 Kendall
0%
31 Milo Rambaldi
0%
33 Noah Hicks
0%
No matching quizzes found
Score Distribution
Percent of People with Each Score
Percentile by Number Answered
Your Score History
You have not taken this quiz